Coming to birth: (Record no. 6414)
[ view plain ]
| 000 -LEADER | |
|---|---|
| fixed length control field | 00444nam a2200133 4500 |
| 008 - FIXED-LENGTH DATA ELEMENTS--GENERAL INFORMATION | |
| fixed length control field | 150924b xxu||||| |||| 00| 0 eng d |
| 020 ## - INTERNATIONAL STANDARD BOOK NUMBER | |
| International Standard Book Number | 9789966462701 |
| 050 ## - LIBRARY OF CONGRESS CALL NUMBER | |
| Classification number | PR 9381.9 .M28C6 1996 |
| 100 ## - MAIN ENTRY--PERSONAL NAME | |
| Personal name | Macgoye, Marjorie O. |
| Dates associated with a name | 1996 |
| 245 ## - TITLE STATEMENT | |
| Title | Coming to birth: |
| Statement of responsibility, etc. | Marjorie, Macgoye O. |
| 260 ## - PUBLICATION, DISTRIBUTION, ETC. (IMPRINT) | |
| Place of publication, distribution, etc. | Nairobi: |
| Name of publisher, distributor, etc. | East African publishers limited, |
| Date of publication, distribution, etc. | 1996. |
| 300 ## - PHYSICAL DESCRIPTION | |
| Extent | iv, 150 p. |
| 942 ## - ADDED ENTRY ELEMENTS (KOHA) | |
| Source of classification or shelving scheme | |
| Koha item type | Short Loan Books |
| Classification part | PR 9381.9 .M28C6 1996 |
| Koha issues (borrowed), all copies | 41 |
| Withdrawn status | Lost status | Source of classification or shelving scheme | Damaged status | Not for loan | Home library | Current library | Shelving location | Date acquired | Source of acquisition | Cost, normal purchase price | Total Checkouts | Total Renewals | Full call number | Barcode | Date last seen | Date last checked out | Price effective from | Koha item type | Checked out |
|---|---|---|---|---|---|---|---|---|---|---|---|---|---|---|---|---|---|---|---|
| MACHAKOS UNIVERSITY LIBRARY | MACHAKOS UNIVERSITY LIBRARY | Africana | 24/09/2015 | Text book centre. | 505.00 | 170 | 2 | PR 9381.9 .M28C6 1996 | 12338 | 16/01/2026 | 16/01/2026 | 24/09/2015 | Africana (Books) | ||||||
| MACHAKOS UNIVERSITY LIBRARY | MACHAKOS UNIVERSITY LIBRARY | Africana | 24/09/2015 | Text book centre. | 505.00 | 80 | PR 9381.9 .M28C6 1996 | 12373 | 28/11/2022 | 28/11/2022 | 24/09/2015 | Africana (Books) | 28/11/2022 |